000 00645nas a2200229 4500
001 BR8502825
003 BR-BrBNA
005 20231205090215.0
007 ta
008 230509b bl.|||p| |||| 00| 00por d
040 _aBR-BrBNA
_bpor
_cBiblioteca Nacional de Agricultura
041 _a(Pt)
072 _aM12
100 1 _aNomura, H.
245 1 _aEstudos mostram que a criacao de tambaqui e viavel
650 _aTAMBAQUI
650 _aCRIACAO
650 _aREPRODUCAO ANIMAL
773 0 _tGranja (Brazil)
_xISSN 0367-505X
_g(Jan 1985), (no. 444) p. 68-70
_wBR8502825
909 _a202311
_bLúcia
_c55
_dLúcia Elande
942 _2AGRIS
_n0
_cANA
999 _c116803
_d116803